| 000 | 01060cam a22003257a 4500 | ||
|---|---|---|---|
| 003 | CHAP | ||
| 005 | 20220329134140.0 | ||
| 008 | 971013s1978 r 00010 d | ||
| 010 | _a16165 | ||
| 011 | _a17137 | ||
| 035 | _a21220 | ||
| 040 | _cCHAP | ||
| 082 |
_a635.52 _bH6 |
||
| 100 | 0 | 0 |
_aHolguín Sáenz, Antonio Armando. _955931 |
| 245 | 1 | 3 |
_aLa lechugal _b: su explotación racional |
| 260 |
_aChihuahua, Chih. : _bCentro Librero La Prensa, _c1978 |
||
| 300 |
_a333 p. _b: ilus. |
||
| 490 | 0 | _aColección agricultura especializada | |
| 590 |
_aBATCH-UPD _b10 _c20130110 _lUCH01 _h1346 |
||
| 590 |
_aBATCH-UPD _b10 _c20130410 _lUCH01 _h0845 |
||
| 590 |
_aBATCH-UPD _b10 _c20130914 _lUCH01 _h1622 |
||
| 590 |
_aCONVERSION _b10 _c20130109 _lUCH01 _h1310 |
||
| 650 | 1 | 4 |
_aHorticultura. _956291 |
| 650 | 1 | 4 |
_aLechuga. _965452 |
| 830 | 0 |
_aColección agricultura especializada _924681 |
|
| 901 | _aBK | ||
| 942 | _cLIBRO | ||
| 949 |
_a635.52 H6 _bBC _cLIBRO _d-49436 _eLIBRO _h46773 _i21220 _si |
||
| 949 |
_a635.52 H6 _bBC _cLIBRO _d-49437 _eLIBRO _fc.2 _h46774 _i21220 _si |
||
| 999 |
_c16165 _d16165 |
||